| 000 | 00495nab a22001457 4500 | ||
|---|---|---|---|
| 003 | ES-SlBCS | ||
| 005 | 20220203142321.0 | ||
| 008 | 190320s2017 xxu||||| |||| 00| 0 spa d | ||
| 040 |
_aES-SlBCS _bspa |
||
| 041 | _aspa | ||
| 100 | 1 |
_aÁlvarez de los Mozos, Patxi _970697 |
|
| 245 | 1 | 0 |
_aCongregación General 36 _b: una oportunidad de renovar la vida y la misión _cPatxi Alvarez de los Mozos |
| 773 | 0 |
_gVol. 275, núm. 1419, 2017, págs. 31-42 _tRazón y Fe _wRev337 _x0034-0235 |
|
| 942 |
_2lcc _cAR |
||
| 999 |
_c877352 _d877352 |
||